Introduction to statistics (Record no. 7703)

000 -LEADER
fixed length control field 00490 a2200181 4500
020 ## - INTERNATIONAL STANDARD BOOK NUMBER
International Standard Book Number 0024241504
020 ## - INTERNATIONAL STANDARD BOOK NUMBER
International Standard Book Number 0024241504
040 ## - CATALOGING SOURCE
Original cataloging agency DLC
082 0# - DEWEY DECIMAL CLASSIFICATION NUMBER
Classification number 519.5
100 10 - MAIN ENTRY--PERSONAL NAME
Personal name Walpole, Ronald E.
245 10 - TITLE STATEMENT
Title Introduction to statistics
Statement of responsibility, etc. Ronald E. Walpole.
250 ## - EDITION STATEMENT
Edition statement 3rd ed.
260 0# - PUBLICATION, DISTRIBUTION, ETC.
Place of publication, distribution, etc. New York :
Name of publisher, distributor, etc. Macmillan ;
Place of publication, distribution, etc. London :
Name of publisher, distributor, etc. Collier Macmillan,
Date of publication, distribution, etc. c1982.
300 ## - PHYSICAL DESCRIPTION
Extent xv, 521 p. :
Other physical details ill. ;
Dimensions 24 cm.
500 ## - GENERAL NOTE
General note Includes index.
650 #0 - SUBJECT ADDED ENTRY--TOPICAL TERM
Topical term or geographic name entry element Statistics.
942 ## - ADDED ENTRY ELEMENTS (KOHA)
Koha item type Book
Call number prefix 519.5 WAL
Source of classification or shelving scheme
Holdings
Withdrawn status Lost status Damaged status Not for loan Collection code Permanent Location Current Location Shelving location Date acquired Total Checkouts Total Renewals Full call number Barcode Date last seen Date last checked out Price effective from Koha item type
          Central Library (CL) Central Library (CL) General Stacks 05/20/2014 5 1 519.5 WAL SEECSD00027 07/05/2023 05/23/2023 01/05/2017 Book
© 2023 Central Library, National University of Sciences and Technology. All Rights Reserved.